Manual de derecho constitucional
Saved in:
| Main Author: | |
|---|---|
| Format: | Book |
| Language: | Spanish |
| Published: |
Santiago
Jurídica de Chile
1969
|
| Series: | Manuales Jurídicos, 62
|
| Subjects: | |
| Tags: |
Add Tag
No Tags, Be the first to tag this record!
|
MARC
| LEADER | 00000nam a2200000 a 4500 | ||
|---|---|---|---|
| 001 | UCT9660 | ||
| 003 | CL-VaPUC | ||
| 008 | 970411e19690000CL |||||||||||||||||spa|d | ||
| 082 | 0 | 4 | |a 342.83 |b QUI |2 21 |
| 100 | 0 | |a Quinzio Figueiredo, Jorge Mario |e author |9 382555 | |
| 245 | 1 | 0 | |a Manual de derecho constitucional |
| 300 | |a 535 p | ||
| 942 | |c BK | ||
| 945 | |d 19970411 00:00:00 |a paguirre | ||
| 260 | |a Santiago |b Jurídica de Chile |c 1969 | ||
| 650 | 0 | |a Derecho constitucional |9 222588 | |
| 650 | 0 | |a Derecho público |9 255910 | |
| 650 | 0 | |a Historia constitucional |9 256052 | |
| 650 | 0 | |a Gobierno |9 255508 | |
| 650 | 0 | |a Poder político |9 255509 | |
| 650 | 7 | |a SISTEMAS POLITICOS |2 CL-VaPUC |9 382556 | |
| 650 | 0 | |a Nacionalidad |9 357571 | |
| 650 | 0 | |a Elecciones |9 254997 | |
| 650 | 0 | |a Derechos civiles y políticos |9 338684 | |
| 650 | 0 | |a Parlamento |9 338611 | |
| 650 | 7 | |a CAMARA ALTA |2 CL-VaPUC |9 338612 | |
| 650 | 7 | |a CAMARA BAJA |2 CL-VaPUC |9 382557 | |
| 650 | 0 | |a Poder ejecutivo |9 255177 | |
| 650 | 0 | |a Derecho administrativo |9 254851 | |
| 650 | 0 | |a Poder judicial |9 254871 | |
| 651 | 7 | |a CHILE |2 CL-VaPUC |9 382558 | |
| 583 | |a last modification |c 19970411 00:00:00 |k Rodrigo Vera | ||
| 490 | 0 | |a Manuales Jurídicos, 62 | |
| 999 | |c 258041 |d 258039 | ||
| 952 | |0 0 |1 0 |4 0 |6 342_830000000000000_QUI_1969 |7 0 |8 A |9 281815 |a BIBDER |b BIBDER |d 2019-11-19 |i 182838K |o 342.83 QUI 1969 |p 182838K |r 2023-01-25 |w 2019-11-19 |y BK |k DER | ||
| 952 | |0 0 |1 0 |4 0 |6 342_830000000000000_QUI_1969 |7 0 |8 A |9 281816 |a BIBDER |b BIBDER |d 2019-11-19 |i 1954148 |l 1 |o 342.83 QUI 1969 |p 1954148 |r 2023-01-25 |s 2020-05-20 |w 2019-11-19 |y BK |k DER | ||